| 000 | 00424nam a2200169 a 4500 | ||
|---|---|---|---|
| 001 | 0000-9185 | ||
| 003 | ELIB.Books | ||
| 008 | 110520 1966 | ||
| 035 | _a(ELIB.Books)0000-9337 | ||
| 082 |
_a234.2 _bJon |
||
| 100 | _aJones, E. Stanley | ||
| 245 | _aVictory Through Surrender | ||
| 260 |
_bNashville; Abingdon Press _c1966 |
||
| 650 | _aSalvation | ||
| 942 |
_2ddc _cBK |
||
| 998 |
_cbat _e2011-05-20 |
||
| 999 |
_c9185 _d9185 |
||